Shares Selection 2

Gespeichert in:
Bibliographische Detailangaben
1. Verfasser: Moravčíková, Elena, 1967-
Format: Buchkapitel
Sprache:Englisch
Schlagworte:
Tags: Tag hinzufügen
Keine Tags, Fügen Sie das erste Tag hinzu!

MARC

LEADER 00000naa a2200000 4500
001 0167250
005 20240502083409.3
041 0 |a eng 
044 |a CZ 
245 1 0 |a Shares Selection 2  |c Elena Moravčíková 
610 2 0 |a investície 
610 2 0 |a modely 
610 2 0 |a výkonnosť 
610 2 0 |a financie 
610 2 0 |a rentabilita 
610 2 0 |a financie podnikové 
100 1 |a Moravčíková, Elena, 1967-